000 00705nam a22002417a 4500
001 7735
003 FISKH
005 20250801144243.0
008 250801b cb ||||| |||| 00| 0 eng d
020 _a9781855341517
040 _aFISKH
_beng
_cFISKH
_dFISKH
050 _aPZ7
100 _aCramer, Rie
245 _aThe snow queen /
_cBy Rie Cramer
260 _aScotland :
_bGeddes & Grosset ,
_c1995.
300 _a31 unnumbered pages :
_bcolor illustrations ;
_c25 cm .
505 _aJ
520 _aA charming, short retelling of Hans Christian Andersen's famous story."
521 8 _a500
_bLexile estimate
521 8 _aJ
_bRaz-Plus
942 _2ddc
_cBK
_n0
999 _c7735
_d7735